La justicia constitucional

Bibliographic Details
Main Author: Pozas, Andrea
Other Authors: Ro̕s Figueroa, Juan
Format: eBook
Language:Spanish
Published: [Mx̌ico] : Nostra Ediciones, 2010.
Subjects:
Online Access:Acceso restringido

MARC

LEADER 00000nam a22000007a 4500
005 20110831113652.0
008 110831t2010 mx ||||s|||| 00| 0 spa d
022 |a 978-607-7603-60-3 
035 |a 5509 
040 |a vLex 
090 |c 2314  |d 2314 
100 1 |a Pozas, Andrea 
245 1 3 |a La justicia constitucional  |c Andrea Pozas, Julio Ro̕s Figueroa.  |h [Recurso electrn̤ico] / 
256 |a Servicio en ln̕ea. 
260 |a [Mx̌ico] :  |b Nostra Ediciones,  |c 2010. 
500 |a Una de las caracters̕ticas principales de nuestro sistema polt̕ico es la capacidad de la Suprema Corte de Justicia de la Nacin̤ (SCJN) para interpretar la Constitucin̤ y anular o inaplicar una ley o un acto del gobierno si decide que štos son contrarios a la Carta Magna. ¿Cul̀es son los org̕enes de la justicia constitucional que en aǫs recientes ha resuelto controversias tan transcendentes como la despenalizacin̤ del aborto o el poder del Ejecutivo de vetar el presupuesto? Este libro presenta de manera clara y sucinta el desarrollo de la justicia constitucional en Mx̌ico a lo largo de sus doscientos aǫs de vida independiente, al tiempo que da cuenta de las bases ter̤icas del control de la constitucionalidad y analiza los retos que an︢ tiene por delante.  
506 1 |a Contenido solo disponible en los productos indicados  |d vLex Global  |d vLex Global (Academic Edition, excluding Law Schools)  |d vLex Global (U.S. Academic Edition, Law Schools)  |d vLex Global (U.S. Academic Edition, excluding Law Schools)  |d vLex Global (Academic Edition, Law Schools) 
650 0 4 |a Justicia  |z Mx̌ico 
700 1 |a Ro̕s Figueroa, Juan 
740 0 |a vLex Libros (Servicio en ln̕ea) 
856 4 0 |u http://vlex.com/source/justicia-constitucional-5509  |z Acceso restringido 
942 |c BOOK